Zarys historji Bibljoteki Jagiellońskiej, (Record no. 16566)
[ view plain ]
| 000 -LEADER | |
|---|---|
| fixed length control field | 00700cam a22002171 4500 |
| 001 - CONTROL NUMBER | |
| control field | ca 30000020 |
| 003 - CONTROL NUMBER IDENTIFIER | |
| control field | DLC |
| 005 - DATE AND TIME OF LATEST TRANSACTION | |
| control field | 20260227111122.0 |
| 008 - FIXED-LENGTH DATA ELEMENTS--GENERAL INFORMATION | |
| fixed length control field | 880203s1923 pl aceh b 001 0 pol |
| 010 ## - LIBRARY OF CONGRESS CONTROL NUMBER | |
| LC control number | ca 30000020 |
| 035 ## - SYSTEM CONTROL NUMBER | |
| System control number | (OCoLC)19939930 |
| 040 ## - CATALOGING SOURCE | |
| Original cataloging agency | DLC |
| Transcribing agency | PU |
| Modifying agency | DLC |
| 042 ## - AUTHENTICATION CODE | |
| Authentication code | premarc |
| 050 00 - LIBRARY OF CONGRESS CALL NUMBER | |
| Classification number | Z818.K89 |
| Item number | K |
| 100 1# - MAIN ENTRY--PERSONAL NAME | |
| Personal name | Konczyńska, Wanda. |
| 245 10 - TITLE STATEMENT | |
| Title | Zarys historji Bibljoteki Jagiellońskiej, |
| Remainder of title | z 40 rycinami w tekście i 3 planami. |
| 260 ## - PUBLICATION, DISTRIBUTION, ETC. | |
| Place of publication, distribution, etc. | Kraków, |
| Name of publisher, distributor, etc. | Nakład własny, |
| Date of publication, distribution, etc. | 1923. |
| 300 ## - PHYSICAL DESCRIPTION | |
| Extent | iv, 203 p. |
| Other physical details | illus. (incl. ports., plans, facsims.) III plans |
| Dimensions | 29 cm. |
| 500 ## - GENERAL NOTE | |
| General note | "Z zasiłkiem 800.000 m. Ministerstwa W. R. i O. P." |
| 610 20 - SUBJECT ADDED ENTRY--CORPORATE NAME | |
| Corporate name or jurisdiction name as entry element | Biblioteka Jagiellońska. |
No items available.